000 00698nam a2200253 a 4500
001 nice12345678
003 IN_TiNIC
005 20260116014132.0
008 090325s2008 newa grp 000 0 eng
020 _a8125034617
_c995
082 0 0 _a306.449
_bSKU
100 _aSkutnabb-Kangas, Tove
245 _aLinguistic Genocide in Education or Worldwide Diversity and Human Rights
260 _aNew Delhi
_bOrient Blackswan
_c2008
300 _a785p
500 _aincludes index and biblioraphy
505 2 _abiblio, indices
650 _aLanguage and Politics
650 _aLanguage-Policy
700 1 _aSkutnabb-Kangas, Tove
902 _bSRS
942 _cBK
999 _c14031
_d14031